01634nam a2200289 a 4500001001000000005001700010008004100027041000800068044000700076084002000083100004500103245006200148260003300210300004700243500006000290500021900350500041700569500001000986546002500996650005201021650005601073650003401129650004501163700005701208700002901265740005001294BRCA_316020190320204136.0110209s1900----fr-a---###---#000-0#fre-u afre afr a463b.L38c19001 aCervantes Saavedra, Miguel ded1547-161610aDon Quichotte de la ManchecMiguel de Cervantes Saavedra. aParísbHenri Laurensc1900 aiii, 144 p.bil. (algunas a color)c28 cm. aContenido : Introducción de L. Tarsot. Texto resumido aEdición : Illustrations de Henri Morin. Edition pour la jeunesse, d´après la traduction de Florian precedée d´une introduction par M.L. Tarsot, Sous-Chef de Bureau au Ministère de l´Instruction publique aAbreviación de la obra, hecha para los niños, por L. Tarsot sobre la traducción de Florian. Es interesante la opinión que en la introducción expresa L. Tarsot sobre la gran novela: Es una de las más bellas historias que se han escrito en lengua alguna. Edición pulcramente impresa sobre excelente papel. Las ilustraciones en colores y los grabados son lindos dibujos de Henri Morin Lúdovik Osterc aQM396 aTexto en : francés14aNovela españolayÉpoca clásica, 1500-170014aLiteratura españolayÉpoca clásica, 1500-170014aNovela españolaySiglo XVII14aDon Quijote (Personaje ficticio)eNovela1 aFlorian, Jean-Pierre Claris ded1755-1794eTraductor1 aTarsot, M.L.ePrologista0 aEl Ingenioso Hidalgo Don Quijote de la Mancha